<?xml version="1.0" encoding="UTF-8"?>
<collection xmlns="http://www.loc.gov/MARC21/slim">
 <record>
  <leader>01317nam a2200229 a 4500</leader>
  <controlfield tag="001">TVCDKTCT91749</controlfield>
  <controlfield tag="003">TVCĐKTCT</controlfield>
  <controlfield tag="005">20170531090029.6</controlfield>
  <controlfield tag="008">170531syyyy    vn                       </controlfield>
  <datafield tag="980" ind1="\" ind2="\">
   <subfield code="a">Thư viện Trường CĐ Kỹ Thuật Cao Thắng</subfield>
  </datafield>
  <datafield tag="024" ind1=" " ind2=" ">
   <subfield code="a">RG_1 #1 eb0 i1</subfield>
  </datafield>
  <datafield tag="041" ind1="0" ind2="#">
   <subfield code="a">vie</subfield>
  </datafield>
  <datafield tag="082" ind1="#" ind2="#">
   <subfield code="a">621.3 </subfield>
   <subfield code="b">H561D</subfield>
  </datafield>
  <datafield tag="100" ind1="1" ind2="#">
   <subfield code="a">Trần Duy Phụng </subfield>
  </datafield>
  <datafield tag="245" ind1="1" ind2="0">
   <subfield code="a">Hướng dẫn thực hành Thiết kế lắp đặt điện nhà / </subfield>
   <subfield code="c">Trần Duy Phụng</subfield>
  </datafield>
  <datafield tag="260" ind1="#" ind2="#">
   <subfield code="a">H. : </subfield>
   <subfield code="b">Khoa học và Kỹ thuật , </subfield>
   <subfield code="c">2011</subfield>
  </datafield>
  <datafield tag="300" ind1=" " ind2=" ">
   <subfield code="a">198tr. ; </subfield>
   <subfield code="c">24   cm</subfield>
  </datafield>
  <datafield tag="520" ind1="#" ind2="#">
   <subfield code="a">Nội dung cuốn sách&quot; Hướng dẫn thực hành Thiết kế lắp đặt điện nhà &quot; gồm 2 phần chính : lý thuyết cơ sở và hướng dẫn thực hành.Phần 1 là lý thuyết cơ sở,gồm 9 chương trình bày về an toàn điện,vật liệu và khí cụ điện.Phần 2 là phần hướng dẫn thực hành gồm 28 phiếu hướng dẫn mỗi phiếu hướng dẫn một nội dung thực hành cụ thể.</subfield>
  </datafield>
  <datafield tag="541" ind1="#" ind2="#">
   <subfield code="a">Mua</subfield>
  </datafield>
  <datafield tag="650" ind1="#" ind2="4">
   <subfield code="a">Điện</subfield>
  </datafield>
  <datafield tag="650" ind1="#" ind2="4">
   <subfield code="a">Thiết kế lắp đặt điện</subfield>
  </datafield>
  <datafield tag="841" ind1="#" ind2="#">
   <subfield code="b">Kho Sách </subfield>
   <subfield code="j">100048955, 100048971, 100048973</subfield>
  </datafield>
 </record>
</collection>
